Stations du métro de Paris remarquables en images - Statistiques

Statistiques générales
  • Ce quiz a été pris 415 fois
  • Le résultat moyen est 5 sur 12
Statistiques - réponses
Par images Réponse % Correct
Louvre-Rivoli
82%
Arts et Métiers
76%
Gare de Lyon
70%
Bastille
61%
Concorde
60%
Bibliothèque François Mitterand
47%
Cluny-La Sorbonne
42%
Franklin D. Roosevelt
29%
Madeleine
19%
Pont Neuf
17%
Liège
16%
Assemblée Nationale
11%
Aucun quiz correspondant
Distribution des résultats
% des personnes avec chaque résultat
Percentile par nombre de réponses
Votre historique - résultats
Vous n’avez pas pris ce quiz